000
00321nam a2200145Ia 4500
100
_a
Acerson/K.L
942
_c
RB
654
_a
Word Perfect
245
_a
Word Perfect 5.1 Complete Reference
260
_b
Osborne McGraw Hill
_a
U S A
_c
1990
082
_a
1.6
_b
Ace
300
_a
1327
546
_a
ENGLISH
999
_c
34484
_d
34484